Jornada tècnica sobre l'aprofitament dels boscos municipals de muntanya
ISBN:
84-7794-848-8
Descripción Física:
87 p. : il. ; 30 cm
Colección:
Dossiers de gestió forestal ; 3
MARC
| LEADER | 00000nam a2200000Ia 4500 | ||
|---|---|---|---|
| 001 | 15962 | ||
| 003 | BGR | ||
| 005 | 20260324175639.0 | ||
| 008 | 160829s2002 xx 000 0 cat d | ||
| 020 | |a 84-7794-848-8 | ||
| 080 | |a C-2-326 | ||
| 245 | |a Jornada tècnica sobre l'aprofitament dels boscos municipals de muntanya | ||
| 250 | |a Ed. no venal | ||
| 260 | |a Barcelona : |b Agència local de desenvolupament forestal, |c 2002 | ||
| 300 | |a 87 p. : |b il. ; |c 30 cm | ||
| 490 | |a Dossiers de gestió forestal ; 3 | ||
| 650 | 0 | |a Boscos i silvicultura |9 39468 | |
| 650 | |a Incendis forestals |9 42411 | ||
| 650 | 0 | |a Repoblació forestal |9 26860 | |
| 710 | |9 61226 |a Agència Local de Desenvolupament Forestal | ||
| 901 | |a Arxiu | ||
| 942 | |n 1 |2 udc |c MON | ||
| 952 | |0 0 |1 0 |4 0 |6 C2326 |7 1 |9 47382 |a Arxiu |b Arxiu |d 2016-12-01 |l 0 |o C-2-326 |p 15962 |r 2016-12-01 00:00:00 |w 2016-12-01 |y ARXIU | ||
| 999 | |c 51180 |d 51180 | ||